Game of Thrones Characters and Actors by Picture #1 - Statistics

General Stats
  • This quiz has been taken 805 times
    120 since last reset
  • The average score is 21 of 32
Answer Stats
Picture Answer % Correct
Jon Snow
99%
Eddard Stark
97%
Arya Stark
96%
Tyrion Lannister
95%
Cersei Lannister
92%
Joffrey Baratheon
92%
Tywin Lannister
92%
Drogo
89%
Robb Stark
88%
Sandor Clegane
87%
Ygritte
85%
Oberyn Martell
82%
Theon Greyjoy
82%
Varys
82%
Ramsay Bolton
80%
Kit Harington
79%
Jason Momoa
77%
Pedro Pascal
68%
Sean Bean
65%
Peter Dinklage
64%
Gilly
56%
Maisie Williams
52%
Charles Dance
46%
Lena Headey
44%
Alfie Allen
32%
Rose Leslie
32%
Richard Madden
27%
Jack Gleeson
23%
Conleth Hill
14%
Iwan Rheon
14%
Rory McCann
14%
Hannah Murray
8%
No matching quizzes found
Score Distribution
Percent of People with Each Score
Percentile by Number Answered
Your Score History
You have not taken this quiz since the last reset